ʻAlā raʼy al-mathal (Record no. 46608)
[ view plain ]
| 000 -LEADER | |
|---|---|
| fixed length control field | 00577cam a22002051 4500 |
| 001 - CONTROL NUMBER | |
| control field | ne 64000113 |
| 003 - CONTROL NUMBER IDENTIFIER | |
| control field | DLC |
| 005 - DATE AND TIME OF LATEST TRANSACTION | |
| control field | 20260227111754.0 |
| 008 - FIXED-LENGTH DATA ELEMENTS--GENERAL INFORMATION | |
| fixed length control field | 890630s1963 ua 000 0 ararc |
| 010 ## - LIBRARY OF CONGRESS CONTROL NUMBER | |
| LC control number | ne 64000113 |
| 035 ## - SYSTEM CONTROL NUMBER | |
| System control number | (OCoLC)19954007 |
| 040 ## - CATALOGING SOURCE | |
| Original cataloging agency | Princeton Univ. Libr. for LC |
| Transcribing agency | WaU |
| Modifying agency | WaU |
| -- | DLC |
| 042 ## - AUTHENTICATION CODE | |
| Authentication code | premarc |
| 050 00 - LIBRARY OF CONGRESS CALL NUMBER | |
| Classification number | PJ7864.A36 |
| Item number | A7 |
| 100 1# - MAIN ENTRY--PERSONAL NAME | |
| Personal name | Ṭāhir, Muḥammad. |
| 245 10 - TITLE STATEMENT | |
| Title | ʻAlā raʼy al-mathal |
| Statement of responsibility, etc. | [taʼlīf] Muḥammad Ṭāhir. |
| 260 ## - PUBLICATION, DISTRIBUTION, ETC. | |
| Place of publication, distribution, etc. | al-Qāhirah, |
| Name of publisher, distributor, etc. | Maktabat al-Khānjī |
| Date of publication, distribution, etc. | [1963] |
| 300 ## - PHYSICAL DESCRIPTION | |
| Extent | 95 p. |
| Dimensions | 20 cm. |
| 500 ## - GENERAL NOTE | |
| General note | A play. |
No items available.